[Event "Women's Speed Chess Q4"]
[Site "chess.com INT"]
[Date "2020.06.21"]
[Round "2"]
[White "Havanecz, Bianka"]
[Black "Potapova, Margarita"]
[Result "0-1"]
[WhiteTitle "WIM"]
[BlackTitle "WIM"]
[WhiteElo "2251"]
[BlackElo "2270"]
[WhiteFideId "704814"]
[BlackFideId "14126869"]
[EventDate "2020.06.21"]

1. d4 Nf6 2. c4 g6 3. Nc3 d5 4. Nf3 Bg7 5. Bf4 O-O 6. Rc1 c5 7. dxc5 Qa5 8. e3
dxc4 9. Bxc4 Qxc5 10. Bb3 Nc6 11. O-O Qh5 12. h3 Bf5 13. Qe2 Rad8 14. Rfd1 h6
15. Bc7 Rc8 16. Bh2 a6 17. Na4 e5 18. Kf1 Nb4 19. Rxc8 Rxc8 20. Nxe5 Qxe2+ 21.
Kxe2 Be6 22. Bxe6 fxe6 23. Nc3 g5 24. a3 Nbd5 25. Nxd5 Nxd5 26. Rd2 Rc1 27. e4
Nf6 28. f3 Rh1 29. Bg3 Nh5 30. Rd8+ Kh7 31. Bf2 Bxe5 32. Rd7+ Kg6 33. Rxb7 Nf4+
34. Kd2 Rh2 35. Rb6 Rxg2 36. Ke3 Rxf2 37. Kxf2 Bd4+ 0-1

[Event "Women's Speed Chess Q4"]
[Site "chess.com INT"]
[Date "2020.06.21"]
[Round "2"]
[White "Kazarian, Anna-Maja"]
[Black "Dordzhieva, Dinara"]
[Result "0-1"]
[WhiteTitle "FM"]
[BlackTitle "WIM"]
[WhiteElo "2096"]
[BlackElo "2354"]
[WhiteFideId "1033689"]
[BlackFideId "24157570"]
[EventDate "2020.06.21"]

1. e4 c5 2. Nf3 d6 3. d4 cxd4 4. Nxd4 Nf6 5. Nc3 a6 6. Be3 e6 7. f3 b5 8. Qd2 h5
9. Bd3 Nbd7 10. Qf2 Bb7 11. O-O-O b4 12. Nce2 Qa5 13. Kb1 d5 14. Nb3 Qc7 15.
exd5 Nxd5 16. Ned4 Be7 17. Bc1 a5 18. Rhe1 a4 19. Nxe6 fxe6 20. Nd4 Nc5 21. Nxe6
Nxe6 22. Rxe6 O-O 23. Qd4 Bf6 24. Qc4 Qf7 25. Rde1 Rfc8 26. Qb5 Nc7 27. Qxb7
Nxe6 28. Qd5 Nd4 29. Bc4 Rxc4 0-1

[Event "Women's Speed Chess Q4"]
[Site "chess.com INT"]
[Date "2020.06.21"]
[Round "2"]
[White "Milliet, Sophie"]
[Black "Munkhzul, Davaakhuu"]
[Result "1-0"]
[WhiteTitle "IM"]
[BlackTitle "WFM"]
[WhiteElo "2401"]
[BlackElo "1991"]
[WhiteFideId "623725"]
[BlackFideId "4902815"]
[EventDate "2020.06.21"]

1. e4 e5 2. Nf3 Nc6 3. Bc4 Bc5 4. d3 Nf6 5. O-O d6 6. c3 O-O 7. h3 a5 8. Re1 Ba7
9. a4 Ne7 10. Nbd2 Ng6 11. Nf1 Be6 12. Bxe6 fxe6 13. d4 exd4 14. Nxd4 Qd7 15.
Qb3 Bxd4 16. cxd4 Kh8 17. Ng3 Qf7 18. Be3 b6 19. Rac1 Rac8 20. Rc6 d5 21. e5 Nd7
22. Rec1 Ndxe5 23. dxe5 Nxe5 24. R6c2 Nc4 25. Qd3 c5 26. Rxc4 dxc4 27. Qxc4 e5
28. Qg4 Qf6 29. Ne4 Qe7 30. Bg5 Qc7 31. Rd1 h6 32. Rd7 Qc6 33. Bf6 1-0

[Event "Women's Speed Chess Q4"]
[Site "chess.com INT"]
[Date "2020.06.21"]
[Round "2"]
[White "Solozhenkina, Elizaveta"]
[Black "Azhar, Puteri Munajjah Az-Zahraa"]
[Result "1-0"]
[WhiteTitle "WIM"]
[BlackTitle "WIM"]
[WhiteElo "2301"]
[BlackElo "2046"]
[WhiteFideId "34106615"]
[BlackFideId "5709040"]
[EventDate "2020.06.21"]

1. e4 c5 2. c3 d6 3. d4 Nf6 4. Bd3 Nc6 5. Nf3 cxd4 6. cxd4 g6 7. O-O Bg7 8. Nc3
O-O 9. h3 a6 10. Re1 b5 11. e5 Ne8 12. Bf4 Bb7 13. Rc1 Rc8 14. Qe2 d5 15. h4 Nb4
16. Bb1 Nc7 17. a3 Nc6 18. h5 Ne6 19. Be3 Na5 20. Ng5 Nxg5 21. Bxg5 f6 22. exf6
exf6 23. Bf4 f5 24. hxg6 hxg6 25. Qe6+ Kh7 26. Re3 Bf6 27. Rh3+ Bh4 28. g3 Rc6
29. Rxh4+ Qxh4 30. Qxc6 Qh3 31. Qc7+ Kg8 32. Be5 Rf7 33. Qd8+ Rf8 34. Qxa5 Rf7
35. Qd8+ Rf8 36. Qe7 Rf7 37. Qe8+ Rf8 38. Qxg6# 1-0

[Event "Women's Speed Chess Q4"]
[Site "chess.com INT"]
[Date "2020.06.21"]
[Round "2"]
[White "Zavivaeva, Evelina"]
[Black "Jakubowska, Anna"]
[Result "0-1"]
[WhiteTitle "WCM"]
[BlackTitle "WIM"]
[WhiteElo "1619"]
[BlackElo "2073"]
[WhiteFideId "44127839"]
[BlackFideId "1121952"]
[EventDate "2020.06.21"]

1. e4 Nf6 2. e5 Nd5 3. c4 Nb6 4. d4 d6 5. exd6 cxd6 6. Nc3 g6 7. b3 Bg7 8. Bb2
O-O 9. Nf3 Nc6 10. Be2 Bg4 11. Ne4 e5 12. dxe5 dxe5 13. O-O h6 14. Qxd8 Rfxd8
15. Rfd1 f5 16. h3 Bxf3 17. Bxf3 fxe4 18. Bxe4 g5 19. Bxc6 bxc6 20. Re1 Re8 21.
Rad1 e4 22. Bxg7 Kxg7 23. Rd4 Rad8 24. Rexe4 Rxd4 25. Rxd4 Re1+ 26. Kh2 Re2 27.
c5 Nd5 28. Ra4 Re7 29. Ra6 Rc7 30. a3 Kf6 31. Kg3 Ke5 32. Kf3 Nf4 33. g3 Ne6 34.
b4 h5 35. Ke3 Kd5 36. Kd3 Rf7 37. Ke3 Re7 38. Kd3 h4 39. a4 hxg3 40. fxg3 Rh7
41. Kc3 Rxh3 42. Rxa7 Rxg3+ 43. Kb2 Kc4 44. Re7 Nd4 45. Re4 Rb3+ 46. Ka2 Rxb4
47. a5 Ra4+ 48. Kb2 Rxa5 0-1

[Event "Women's Speed Chess Q4"]
[Site "chess.com INT"]
[Date "2020.06.21"]
[Round "2"]
[White "Mohota, Nisha"]
[Black "Vijayalakshmi, Subbaraman"]
[Result "0-1"]
[WhiteTitle "IM"]
[BlackTitle "IM"]
[WhiteElo "2195"]
[BlackElo "2332"]
[WhiteFideId "5004330"]
[BlackFideId "5004098"]
[EventDate "2020.06.21"]

1. e4 e5 2. Nf3 Nc6 3. Bc4 Bc5 4. O-O Nf6 5. d3 d6 6. a4 a6 7. c3 Bg4 8. h3 Bh5
9. Be3 Bxe3 10. fxe3 d5 11. exd5 Nxd5 12. Qe2 O-O 13. Nbd2 Kh8 14. e4 Nf4 15.
Qe3 Qe7 16. d4 Bxf3 17. Nxf3 Ng6 18. Ng5 f6 19. Ne6 Rfe8 20. d5 Nd8 21. Nc5 Rb8
22. a5 Nf7 23. Be2 Nf4 24. Bg4 Nd6 25. Ne6 Nxe6 26. Bxe6 Nf7 27. h4 Nd8 28. Bf5
Qd6 29. c4 c5 30. Qf3 Nf7 31. Qh5 Nh6 32. Bh3 Re7 33. Rf3 b5 34. cxb5 Rxb5 35.
Rf2 Ng8 36. Bf5 Nh6 37. Bh3 Reb7 38. Qe8+ Ng8 39. Be6 Rb8 40. Qh5 Rxb2 0-1

[Event "Women's Speed Chess Q4"]
[Site "chess.com INT"]
[Date "2020.06.21"]
[Round "2"]
[White "Cori T., Deysi"]
[Black "Martynkova, Olena"]
[Result "1-0"]
[WhiteTitle "WGM"]
[BlackTitle "WIM"]
[WhiteElo "2388"]
[BlackElo "2222"]
[WhiteFideId "3801934"]
[BlackFideId "14134039"]
[EventDate "2020.06.21"]

1. d4 Nf6 2. Nf3 g6 3. g3 Bg7 4. Bg2 O-O 5. O-O d6 6. b3 e5 7. dxe5 Ng4 8. Bb2
Nxe5 9. Qc1 Nbc6 10. Rd1 Qe7 11. c4 Bf5 12. Nc3 Rab8 13. Nd5 Qd7 14. Nxe5 Nxe5
15. f4 c6 16. fxe5 cxd5 17. Rxd5 Qe7 18. exd6 Qxe2 19. Bxg7 Kxg7 20. Qc3+ Kg8
21. Re5 Qg4 22. h3 Qg5 23. g4 f6 24. Rd5 1-0

[Event "Women's Speed Chess Q4"]
[Site "chess.com INT"]
[Date "2020.06.21"]
[Round "2"]
[White "Gokbulut, Julia"]
[Black "Chitlange, Sakshi"]
[Result "0-1"]
[WhiteTitle "WFM"]
[BlackTitle "WIM"]
[WhiteElo "1970"]
[BlackElo "2167"]
[WhiteFideId "4153979"]
[BlackFideId "35002899"]
[EventDate "2020.06.21"]

1. d4 Nf6 2. c4 e6 3. Nc3 Bb4 4. Qc2 O-O 5. a3 Bxc3+ 6. Qxc3 b5 7. cxb5 c6 8.
bxc6 Nxc6 9. Bg5 Bb7 10. Bxf6 Qxf6 11. Nf3 Rfc8 12. Qd2 a5 13. e3 a4 14. Be2 Na5
15. Bd1 Nb3 16. Bxb3 axb3 17. Qd1 Rc2 18. O-O Rxb2 19. Nd2 Qg5 20. g3 Qf5 21. e4
Bxe4 22. Nxe4 Qxe4 23. a4 Rc8 24. a5 Rbc2 25. a6 b2 26. Rb1 Rc1 27. Rxc1 bxc1=Q
28. Qxc1 Rxc1 29. Rxc1 Qa8 30. Ra1 Kf8 31. a7 Ke8 32. f4 Kd8 33. Kf2 Kc7 34. Ke3
f5 35. d5 Kd6 36. dxe6 Qe4+ 37. Kf2 Qd4+ 38. Kg2 Qxa1 39. exd7 Kxd7 0-1

[Event "Women's Speed Chess Q4"]
[Site "chess.com INT"]
[Date "2020.06.21"]
[Round "2"]
[White "Nikulina, Alena"]
[Black "Bivol, Alina"]
[Result "0-1"]
[WhiteTitle "WFM"]
[BlackTitle "WGM"]
[WhiteElo "1887"]
[BlackElo "2386"]
[WhiteFideId "4172051"]
[BlackFideId "4100123"]
[EventDate "2020.06.21"]

1. e4 e6 2. d4 d5 3. exd5 exd5 4. c4 Nf6 5. Nc3 Bb4 6. Nf3 O-O 7. Bd3 dxc4 8.
Bxc4 Nbd7 9. O-O Nb6 10. Bb3 h6 11. a3 Bd6 12. Re1 c6 13. Ne5 Nbd5 14. Nxd5 cxd5
15. Qf3 Be6 16. Bf4 Qb6 17. Rad1 Rfc8 18. Rd3 Ne4 19. Ng4 Bxf4 20. Qxf4 Bxg4 21.
Qxg4 Nf6 22. Qf3 Re8 23. Red1 a5 24. Bxd5 Qxb2 25. Bxb7 Rad8 26. Bc6 Re2 27. h3
Rc2 28. d5 Rd6 29. Qe3 Re2 30. R3d2 Rxe3 31. Rxb2 Rxa3 32. Rb8+ Kh7 33. Rb7 Kg6
34. Ra7 Ra2 35. Kf1 Ne4 36. Rd7 Rxf2+ 37. Kg1 Rxd7 38. Bxd7 Rd2 39. Rxd2 Nxd2
40. Bc6 Kf6 41. Kf2 Ke5 42. Ke3 Nc4+ 43. Kd3 Nb6 44. Kc3 Nxd5+ 45. Bxd5 Kxd5 46.
g3 Ke4 0-1

[Event "Women's Speed Chess Q4"]
[Site "chess.com INT"]
[Date "2020.06.21"]
[Round "2"]
[White "Sedina, Elena"]
[Black "Linares Napoles, Oleiny"]
[Result "1/2-1/2"]
[WhiteTitle "IM"]
[BlackTitle "WGM"]
[WhiteElo "2299"]
[BlackElo "2215"]
[WhiteFideId "812153"]
[BlackFideId "3504794"]
[EventDate "2020.06.21"]

1. e4 d6 2. d4 Nf6 3. Bd3 e5 4. c3 d5 5. dxe5 Nxe4 6. Nf3 Nc6 7. O-O Bg4 8. Nbd2
Nc5 9. Be2 Be7 10. h3 Bh5 11. Re1 O-O 12. b4 Ne6 13. Nb3 a6 14. a3 Qd7 15. Nfd4
Bxe2 16. Qxe2 Ncxd4 17. cxd4 Rfe8 18. f4 f5 19. g4 g6 20. Kh2 Rf8 21. Bd2 Rf7
22. g5 Rff8 23. h4 Rfc8 24. h5 Kg7 25. Kg3 Rh8 26. Rh1 h6 27. Nc5 Bxc5 28. dxc5
Qf7 29. gxh6+ Rxh6 30. Rag1 Rg8 31. Kf2 Kf8 32. hxg6 Rgxg6 33. Rxg6 Qxg6 34.
Rxh6 Qxh6 35. Qf3 c6 36. Qg3 Kf7 37. Kg2 Qh5 38. Qf3 Qh6 39. Qg3 Qh7 40. Qh3
Qg6+ 41. Qg3 Qh5 42. Qf3 Qh6 43. Qg3 1/2-1/2

[Event "Women's Speed Chess Q4"]
[Site "chess.com INT"]
[Date "2020.06.21"]
[Round "2"]
[White "Sapale, Saloni"]
[Black "Berdychevskaya, Natasha"]
[Result "1-0"]
[WhiteTitle "WIM"]
[BlackTitle "WFM"]
[WhiteElo "2147"]
[BlackElo "2208"]
[WhiteFideId "5085527"]
[BlackFideId "4159322"]
[EventDate "2020.06.21"]

1. e4 e5 2. Nf3 Nf6 3. Nxe5 Nxe4 4. Qe2 Qe7 5. Nf3 d5 6. d3 Nf6 7. Bg5 Qxe2+ 8.
Bxe2 Be7 9. Nc3 c6 10. O-O O-O 11. Ne5 Nbd7 12. Ng4 Re8 13. Rfe1 Nxg4 14. Bxg4
f6 15. Bf4 Nf8 16. Bf3 Ng6 17. Bd6 Bd7 18. Bxe7 Rxe7 19. Rxe7 Nxe7 20. Re1 Kf7
21. Na4 Re8 22. Nc5 Bc8 23. d4 Nf5 24. Rxe8 Kxe8 25. c3 Nd6 26. Kf1 b6 27. Nd3
Ba6 28. Be2 Ke7 29. f3 Nf5 30. Kf2 Kd6 31. g4 Ne7 32. f4 Ng6 33. Ke3 Nh4 34. f5
Ng2+ 35. Kf2 Bxd3 36. Bxd3 Nf4 37. Bc2 g5 38. fxg6 hxg6 39. h4 Ke6 40. Kf3 Nh3
41. Kg3 Ng1 42. Bd3 f5 43. gxf5+ gxf5 44. Kg2 c5 45. Kxg1 cxd4 46. cxd4 1-0

[Event "Women's Speed Chess Q4"]
[Site "chess.com INT"]
[Date "2020.06.21"]
[Round "2"]
[White "Kairbekova, Amina"]
[Black "Michelle Catherina, P"]
[Result "1-0"]
[WhiteTitle "WFM"]
[BlackTitle "WIM"]
[WhiteElo "2065"]
[BlackElo "2176"]
[WhiteFideId "13712799"]
[BlackFideId "5005736"]
[EventDate "2020.06.21"]

1. e4 e5 2. Nf3 Nc6 3. Nc3 Nf6 4. Bb5 Bd6 5. d3 O-O 6. g4 Bb4 7. g5 Ne8 8. Bxc6
dxc6 9. Nxe5 f6 10. Nf3 fxg5 11. Bxg5 Qd6 12. Rg1 h6 13. Be3 Qf6 14. Rg3 Bxc3+
15. bxc3 Qxc3+ 16. Ke2 Qf6 17. Bd4 Qf7 18. Qg1 Be6 19. Qg2 Rd8 20. Rg1 Rd7 21.
Ne5 Qh5+ 22. f3 Rxd4 23. Rxg7+ Kh8 24. Ng6+ Kxg7 25. Nf4+ Kh8 26. Nxh5 Rd7 27.
Qg6 1-0

[Event "Women's Speed Chess Q4"]
[Site "chess.com INT"]
[Date "2020.06.21"]
[Round "2"]
[White "Mamedjarova, Turkan"]
[Black "Hryzlova, Sofiia"]
[Result "1-0"]
[WhiteTitle "WGM"]
[WhiteElo "2309"]
[BlackElo "1940"]
[WhiteFideId "13402005"]
[BlackFideId "14174669"]
[EventDate "2020.06.21"]

1. d4 Nf6 2. c4 e6 3. Nc3 Bb4 4. Qc2 b6 5. e4 Bxc3+ 6. bxc3 O-O 7. Bd3 d6 8. Ne2
e5 9. O-O Nc6 10. a3 Ba6 11. f4 Nd7 12. Rf3 f6 13. Ng3 Na5 14. Qa2 c5 15. Nf5
Qb8 16. Rg3 g6 17. fxe5 dxe5 18. Qd2 Rf7 19. Nh6+ Kg7 20. Nxf7 Kxf7 21. Qh6 Nf8
22. Rf3 Bb7 23. d5 Nb3 24. Rxf6+ Kxf6 25. Bg5+ Kf7 26. Rf1+ Kg8 27. Be7 Nd7 28.
Rf7 Kxf7 29. Qxh7+ Ke8 30. Bg5 Nf6 31. Qh8+ Kd7 32. Qg7+ Kc8 33. Qxf6 Qc7 34.
Qf8+ Qd8 35. Qxd8# 1-0

[Event "Women's Speed Chess Q4"]
[Site "chess.com INT"]
[Date "2020.06.21"]
[Round "2"]
[White "Smietanska, Wiktoria"]
[Black "Huda, Maryana"]
[Result "0-1"]
[WhiteTitle "CM"]
[BlackTitle "WGM"]
[WhiteElo "1593"]
[BlackElo "2128"]
[WhiteFideId "21869359"]
[BlackFideId "14116553"]
[EventDate "2020.06.21"]

1. c4 c6 2. Nf3 d5 3. e3 Nf6 4. b3 Bf5 5. Bb2 e6 6. Nc3 h6 7. Be2 Nbd7 8. Rc1
Bd6 9. d4 Qe7 10. cxd5 exd5 11. O-O O-O 12. Bd3 Ne4 13. Qc2 Rfe8 14. Nd2 Ndf6
15. h3 Rad8 16. Ne2 Bc8 17. Nf3 Bb8 18. Ne5 Nd7 19. Nxd7 Qxd7 20. b4 Qd6 21. f4
Qxb4 22. a3 Qe7 23. Rf3 h5 24. Nc3 Nxc3 25. Qxc3 Rd6 26. a4 Re6 27. Ba3 Qf6 28.
Rcf1 Kh8 29. e4 dxe4 0-1

[Event "Women's Speed Chess Q4"]
[Site "chess.com INT"]
[Date "2020.06.21"]
[Round "2"]
[White "Khotenashvili, Bela"]
[Black "Dauletova, Gulmira"]
[Result "0-1"]
[WhiteTitle "GM"]
[BlackTitle "WIM"]
[WhiteElo "2458"]
[BlackElo "2319"]
[WhiteFideId "13602640"]
[BlackFideId "13702971"]
[EventDate "2020.06.21"]

1. d4 Nf6 2. c4 e6 3. g3 d5 4. Nf3 dxc4 5. Bg2 a6 6. O-O Nc6 7. e3 Bd7 8. Qe2
Bd6 9. Qxc4 O-O 10. Rd1 Qe7 11. Nc3 h6 12. Qb3 Rab8 13. e4 e5 14. dxe5 Nxe5 15.
Nd4 c5 16. Nf5 Bxf5 17. exf5 c4 18. Qa4 Bc5 19. Rf1 Nd3 20. Qxc4 Nxf2 21. Bf4
Rbc8 22. Qb3 N6g4 23. Qxb7 Ne4+ 24. Kh1 Ngf2+ 25. Rxf2 Nxf2+ 26. Kg1 Ne4+ 27.
Kh1 Qxb7 28. Nxe4 Qxb2 29. Rf1 Bd4 30. f6 g5 31. Bd6 Rfe8 32. h4 Rc1 33. Rxc1
Qxc1+ 34. Kh2 Qg1+ 35. Kh3 Qe3 36. hxg5 Rxe4 0-1

[Event "Women's Speed Chess Q4"]
[Site "chess.com INT"]
[Date "2020.06.21"]
[Round "2"]
[White "Padmini, Rout"]
[Black "Doluhanova, Evgeniya"]
[Result "1-0"]
[WhiteTitle "IM"]
[BlackTitle "WGM"]
[WhiteElo "2370"]
[BlackElo "2229"]
[WhiteFideId "5029295"]
[BlackFideId "14112035"]
[EventDate "2020.06.21"]

1. e4 e5 2. Nf3 Nc6 3. Nc3 Nf6 4. Bb5 Bb4 5. O-O Nd4 6. Bc4 Nxf3+ 7. Qxf3 O-O 8.
d3 Be7 9. Qe2 d6 10. f4 exf4 11. Bxf4 Be6 12. Bb3 Qd7 13. Kh1 Rfe8 14. Rae1 Bxb3
15. axb3 Qg4 16. Qf2 c6 17. h3 Qh5 18. Qg3 Rad8 19. e5 dxe5 20. Rxe5 Qg6 21. Rg5
Qh6 22. Rg4 Nxg4 23. Bxh6 Nxh6 24. Ne4 Kf8 25. Qf2 b6 26. g4 Rd5 27. Qf3 Kg8 28.
c4 Re5 29. d4 Re6 30. g5 f5 31. gxh6 Rxh6 32. Nc3 Bd6 33. d5 c5 34. Nb5 Bb8 35.
Qxf5 Rf8 36. Qxf8# 1-0

[Event "Women's Speed Chess Q4"]
[Site "chess.com INT"]
[Date "2020.06.21"]
[Round "2"]
[White "Javakhishvili, Lela"]
[Black "Goh, Jie Yi"]
[Result "1-0"]
[WhiteTitle "IM"]
[BlackTitle "WCM"]
[WhiteElo "2475"]
[BlackElo "1743"]
[WhiteFideId "13601458"]
[BlackFideId "5710049"]
[EventDate "2020.06.21"]

1. c4 e6 2. Nf3 f5 3. d4 Nf6 4. Nc3 Be7 5. h3 d6 6. e3 O-O 7. Bd3 b6 8. e4 fxe4
9. Nxe4 Bb7 10. Qc2 h6 11. Bd2 Nbd7 12. O-O-O d5 13. Nc3 c5 14. Rhe1 cxd4 15.
Nxd4 e5 16. Ne6 Qc8 17. Nxf8 Bxf8 18. cxd5 Nxd5 19. Nxd5 Bxd5 20. f3 Nc5 21. Bc4
Qe6 22. Bxd5 Qxd5 23. Kb1 Qe6 24. Bc3 Bd6 25. Re2 Rc8 26. Red2 Be7 27. Rd5 Bf6
28. Rd6 Qe7 29. Qf5 Rc7 30. Rd8+ Kf7 31. R8d5 Kg8 32. Bxe5 Ne6 33. Bxc7 Nxc7 34.
Rd7 1-0

[Event "Women's Speed Chess Q4"]
[Site "chess.com INT"]
[Date "2020.06.21"]
[Round "2"]
[White "De Seroux, Camille"]
[Black "Shafigullina, Zarina"]
[Result "0-1"]
[WhiteTitle "WIM"]
[BlackTitle "WFM"]
[WhiteElo "2137"]
[BlackElo "2296"]
[WhiteFideId "1305620"]
[BlackFideId "24174220"]
[EventDate "2020.06.21"]

1. e4 c5 2. Nc3 Nc6 3. Bb5 g6 4. Bxc6 bxc6 5. d3 Bg7 6. f4 d6 7. Nf3 f5 8. O-O
Nf6 9. e5 Nd5 10. exd6 exd6 11. Re1+ Kf8 12. Nxd5 cxd5 13. Ng5 Rb8 14. c3 h6 15.
Ne6+ Bxe6 16. Rxe6 Kf7 17. Re1 Qb6 18. Qf3 Qb7 19. Be3 Rhe8 20. d4 cxd4 21. Bxd4
Bxd4+ 22. cxd4 Re4 23. b3 Rbe8 24. Rec1 Qb6 25. Kh1 Qxd4 26. h3 Rxf4 27. Qg3 Qe3
28. Rc7+ Kf6 29. Qxe3 Rxe3 30. Rxa7 Re2 31. Rd7 Ke6 32. Rg7 g5 33. Rg6+ Ke5 34.
Rxh6 Rff2 35. Rg1 d4 36. Rg6 d3 37. Rxg5 d2 38. Rg8 Kf4 39. g3+ Kf3 0-1

[Event "Women's Speed Chess Q4"]
[Site "chess.com INT"]
[Date "2020.06.21"]
[Round "2"]
[White "Tokhirjonova, Gulrukhbegim"]
[Black "Kovacs, Klara"]
[Result "0-1"]
[WhiteTitle "WGM"]
[BlackTitle "WIM"]
[WhiteElo "2378"]
[BlackElo "2154"]
[WhiteFideId "14203626"]
[BlackFideId "733210"]
[EventDate "2020.06.21"]

1. e4 e6 2. d4 d5 3. Nd2 Be7 4. Ngf3 Nf6 5. e5 Nfd7 6. Bd3 c5 7. O-O b6 8. Re1
Ba6 9. c4 O-O 10. Qe2 Nc6 11. a3 dxc4 12. Nxc4 Nxd4 13. Nxd4 cxd4 14. b4 Rc8 15.
Bf4 b5 16. Na5 Nb6 17. Rad1 Nd5 18. Qe4 g6 19. Qxd4 Nc3 20. Qxa7 Nxd1 21. Rxd1
Ra8 22. Qe3 Qc7 23. Be4 Rad8 24. Rc1 Qd7 25. g3 Rc8 26. Bc6 Qc7 27. h4 Rfd8 28.
h5 Bf8 29. Qf3 Qe7 30. Qg4 Rd4 31. Qf3 Rcd8 32. Be3 Rd3 33. Be4 Rxa3 34. Nc6 Qd7
35. hxg6 hxg6 36. Nxd8 Qxd8 37. Qg4 Bg7 38. Rc6 Bb7 39. Rd6 Ra1+ 40. Kh2 Qe7 41.
Qf3 Bxe5 42. Rb6 Bxe4 43. Qxe4 Qf6 44. Rxb5 Qh8+ 45. Qh4 Qxh4+ 0-1

[Event "Women's Speed Chess Q4"]
[Site "chess.com INT"]
[Date "2020.06.21"]
[Round "2"]
[White "Soumya, Swaminathan"]
[Black "Foisor, Sabina-Francesca"]
[Result "0-1"]
[WhiteTitle "IM"]
[BlackTitle "WGM"]
[WhiteElo "2351"]
[BlackElo "2228"]
[WhiteFideId "5016193"]
[BlackFideId "1212915"]
[EventDate "2020.06.21"]

1. Nf3 d5 2. c4 e6 3. g3 Nf6 4. Bg2 Be7 5. O-O O-O 6. b3 c5 7. d3 Nc6 8. Bb2 d4
9. Na3 e5 10. e3 Re8 11. exd4 cxd4 12. Nc2 a5 13. a3 Bf5 14. Re1 Qc7 15. Ng5 h6
16. Ne4 Nd7 17. h3 Bh7 18. g4 Nc5 19. Nxc5 Bxc5 20. Rb1 Qd6 21. Bd5 Qf6 22. Qd2
Qg5 23. Qxg5 hxg5 24. Rbd1 Rab8 25. Re2 Bd6 26. Bc1 Ne7 27. Be4 Bxe4 28. Rxe4 f6
29. b4 axb4 30. axb4 Ra8 31. c5 Bc7 32. Rde1 Kf7 33. h4 gxh4 34. f4 Ra2 35. R4e2
Ra4 36. fxe5 Bxe5 37. Re4 Nd5 38. Kh1 Nc3 39. R4e2 Nxe2 40. Rxe2 h3 0-1

[Event "Women's Speed Chess Q4"]
[Site "chess.com INT"]
[Date "2020.06.21"]
[Round "2"]
[White "Morris-Suzuki, Sophie"]
[Black "Golubenko, Valentina"]
[Result "1-0"]
[WhiteTitle "WFM"]
[BlackTitle "WGM"]
[WhiteElo "2043"]
[BlackElo "2209"]
[WhiteFideId "30922615"]
[BlackFideId "4501993"]
[EventDate "2020.06.21"]

1. e4 g6 2. d4 Bg7 3. Nc3 c5 4. Nf3 cxd4 5. Nxd4 Nc6 6. Be3 Nf6 7. Be2 d5 8.
exd5 Nxd5 9. Nxd5 Qxd5 10. Bf3 Qa5+ 11. c3 Nxd4 12. Bxd4 e5 13. Be3 O-O 14. O-O
Qb5 15. Qb3 Qxb3 16. axb3 a6 17. b4 Rb8 18. Ba7 Ra8 19. Bc5 Re8 20. Rfe1 Rb8 21.
Ba7 Ra8 22. Bb6 Bd7 23. Rad1 Bb5 24. b3 Rac8 25. c4 Bc6 26. Be2 e4 27. b5 axb5
28. cxb5 Bc3 29. Rf1 e3 30. bxc6 exf2+ 31. Rxf2 bxc6 32. Bd4 Bb4 33. Bc4 Rc7 34.
Rdf1 Ree7 35. h3 Red7 36. Be5 Rb7 37. Rf6 Re7 38. Bd6 Bxd6 39. Rxd6 Rec7 40. Kh2
c5 41. Bd5 Ra7 42. Rc1 Kf8 43. Rc6 Rxc6 44. Bxc6 Ra5 45. Bd5 Ke7 46. Bc4 Ra2 47.
Re1+ Kf8 48. Kg3 f5 49. Re5 Kg7 50. Rxc5 Kf6 51. b4 Rb2 52. b5 g5 53. Rc6+ Ke5
54. b6 h5 55. Rc5+ Ke4 56. Rb5 f4+ 57. Kh2 Rc2 58. Bd5+ Ke3 59. b7 g4 60. hxg4
hxg4 61. b8=Q g3+ 62. Kh3 Rc1 63. Rb3+ Kd4 64. Qxf4+ Kxd5 65. Qxc1 1-0

[Event "Women's Speed Chess Q4"]
[Site "chess.com INT"]
[Date "2020.06.21"]
[Round "2"]
[White "Protopopova, Anastasiya"]
[Black "Vidruska, Renate"]
[Result "1-0"]
[WhiteTitle "WFM"]
[BlackTitle "WFM"]
[WhiteElo "2192"]
[BlackElo "2045"]
[WhiteFideId "24172073"]
[BlackFideId "11601841"]
[EventDate "2020.06.21"]

1. d4 Nf6 2. c4 e6 3. g3 d5 4. Bg2 Be7 5. Nf3 O-O 6. O-O dxc4 7. Qc2 a6 8. a4 c5
9. Rd1 cxd4 10. Nxd4 Qc7 11. Nd2 e5 12. Nf5 Bxf5 13. Qxf5 Nbd7 14. Nf3 Rac8 15.
Ng5 h6 16. Nf3 b5 17. axb5 axb5 18. Be3 Ra8 19. Rxa8 Rxa8 20. Nxe5 Rd8 21. Nc6
Re8 22. Bf4 Qc8 23. Qxb5 g5 24. Bc1 Bf8 25. Qxc4 Nb6 26. Qb5 Nbd7 27. b4 Bg7 28.
Bb2 Nf8 29. Rc1 Qe6 30. Nd4 Qe7 31. Qc5 Qxc5 32. bxc5 Rc8 33. Nf5 Ng6 34. Nxg7
Kxg7 35. c6 Ne7 36. Rd1 Kg6 37. Rd6 Ng8 38. Bd4 Kf5 39. Bb6 1-0

[Event "Women's Speed Chess Q4"]
[Site "chess.com INT"]
[Date "2020.06.21"]
[Round "2"]
[White "Daulyte-Cornette, Deimante"]
[Black "Ziegenfuss, Antonia"]
[Result "1-0"]
[WhiteTitle "IM"]
[BlackTitle "WFM"]
[WhiteElo "2400"]
[BlackElo "2101"]
[WhiteFideId "12802859"]
[BlackFideId "12962554"]
[EventDate "2020.06.21"]

1. e4 c5 2. Nc3 e6 3. Nge2 Nc6 4. d4 cxd4 5. Nxd4 Nf6 6. g3 Bb4 7. Bg2 O-O 8.
O-O d5 9. exd5 Bxc3 10. bxc3 exd5 11. Re1 Nxd4 12. cxd4 Bg4 13. Qd3 Rc8 14. Bg5
h6 15. Bxf6 Qxf6 16. Bxd5 Rfd8 17. c4 b5 18. Re5 bxc4 19. Bxc4 Qxe5 20. dxe5
Rxd3 21. Bxd3 Bf3 22. Rb1 g6 23. h3 Re8 24. Re1 Kf8 25. Kf1 g5 26. Be4 Bxe4 27.
Rxe4 f6 28. f4 Kf7 29. Kf2 Kg6 30. Kf3 fxe5 31. fxe5 Kf5 32. g4+ Ke6 33. Ra4 Rc8
34. Ke4 Rc3 35. Ra6+ Ke7 36. Rxa7+ Ke8 37. Kf5 Rxh3 38. Ke6 Kd8 39. Ra8+ Kc7 40.
Kf7 Re3 41. e6 Rf3+ 42. Ke8 Re3 43. e7 Kd6 44. Kd8 1-0